| 000 | 01371nam a2200253 a 4500 | ||
|---|---|---|---|
| 999 |
_c447150 _d447150 |
||
| 003 | BLK | ||
| 005 | 20230727125432.0 | ||
| 008 | 220302b bul|||||r ||||||| ||bul|| | ||
| 040 | _aBLK | ||
| 041 |
_aBUL _cBUL |
||
| 080 |
_aПолитически и национални младежки движения _b329.78 _x(497.215)(062) _z329.78(497.215)(062) |
||
| 139 | _bО 95 | ||
| 245 | 1 | 0 |
_aОтчетно-изборна конференция на Окръжната комсомолска организация Русе, ХХII, 1985 г. _bОтчетен доклад на Окръжния комитет на ДКМС пред XXII отчетно-изборна конференция на Русенската окръжна комсомолска организация "Учение и труд - жизнерадост и дръзновение", март 1985 _h[Малотир. изд.] |
| 260 |
_aРусе _bб. и. _c1985 _9441842 |
||
| 300 |
_a110 с. _c20 см |
||
| 380 | _a3 | ||
| 500 | _aИзд. : Димитровски комунистически младежки съюз; Окръжен комитет- Русе | ||
| 653 | 7 |
_9185290 _aДКМС |
|
| 653 | 7 |
_9195843 _aРусе |
|
| 653 | 7 |
_9189119 _aконференции |
|
| 852 |
_bК _cК 329/О 95 |
||
| 942 |
_cKNG _n0 _s1 _01 |
||
| 944 |
_aCR _c2022-03-04 _k30556 _lТеодора Пейчева-Дянкова |
||